000
00213 a2200097 4500
001
42763
100
_a
Frost R A
245
_a
Database Management Systems
260
_a
London
_b
Granada
_c
090
_c
26654
_d
26654
942
_a
NUST-CAE
_c
M
_c
18507
999
_c
277836
_d
277836